000 00269nam a2200109Ia 4500
008 200302s9999 xx 000 0 und d
100 _aDaniel Giordan
245 _aHow to Use Adobe Photoshop 7
260 _bB P B Publishing Co. Ltd.
260 _c2002
300 _a288 P.,
999 _c1234
_d1234